[Event "Gothenburg op"]
[Site "Gothenburg"]
[Date "2023.08.12"]
[Round "6"]
[White "Ustianovich, Nazar"]
[Black "Hector, Jonny"]
[Result "1/2-1/2"]
[WhiteElo "2314"]
[BlackElo "2466"]
[PlyCount "129"]
[EventDate "2023.08.11"]
[EventType "swiss"]
[EventRounds "8"]
[EventCountry "SWE"]
[SourceTitle "CBM 215 Extra"]
[Source "ChessBase"]
[SourceDate "2023.09.30"]
[SourceVersion "1"]
[SourceVersionDate "2023.09.30"]
[SourceQuality "1"]

1. d4 d5 2. Nf3 Nf6 3. c4 c6 4. Nc3 dxc4 5. a4 Bf5 6. Ne5 Nbd7 7. Nxc4 Qc7 8. g3 e5 9. dxe5 Nxe5 10. Bf4 Nfd7 11. Bg2 Be7 12. Qd4 f6 13. Rc1 Bc5 14. Bxe5 fxe5 15. Qh4 Be7 16. Qh5+ g6 17. Qh6 Be6 18. Nd2 Nf6 19. Nde4 0-0-0 20. Nxf6 Bxf6 21. Bh3 Qe7 22. 0-0 Kb8 23. Bxe6 Qxe6 24. Ne4 Be7 25. Nc5 Qf5 26. Qg7 Bxc5 27. Rxc5 Rhe8 28. b4 Rd7 29. Qh6 Qe4 30. Qh3 Ree7 31. b5 cxb5 32. Rfc1 a6 33. axb5 axb5 34. Qf1 Rc7 35. Rxb5 Rxc1 36. Qxc1 Qxe2 37. Qc5 Qd1+ 38. Kg2 Qd7 39. Ra5 Qc6+ 40. Qxc6 bxc6 41. Kf3 Kb7 42. Ke4 Kb6 43. Rxe5 Rd7 44. h4 c5 45. h5 c4 46. hxg6 hxg6 47. Re8 Kc5 48. Rc8+ Kb4 49. f4 Rd1 50. g4 c3 51. Ke5 Rf1 52. g5 Kb3 53. Rb8+ Kc4 54. Rc8+ Kd3 55. Rd8+ Ke2 56. Rc8 Rf3 57. Kf6 Rxf4+ 58. Kxg6 Kd3 59. Kh5 Rf5 60. Kh6 c2 61. g6 Rf1 62. Rxc2 Kxc2 63. g7 Rg1 64. Kh7 Rxg7+ 65. Kxg7 1/2-1/2

[Event "Gothenburg op"]
[Site "Gothenburg"]
[Date "2023.08.11"]
[Round "4"]
[White "Ustianovich, Nazar"]
[Black "Olsson, William"]
[Result "1-0"]
[WhiteElo "2314"]
[BlackElo "2400"]
[PlyCount "77"]
[EventDate "2023.08.11"]
[EventType "swiss"]
[EventRounds "8"]
[EventCountry "SWE"]
[SourceTitle "CBM 215 Extra"]
[Source "ChessBase"]
[SourceDate "2023.09.30"]
[SourceVersion "1"]
[SourceVersionDate "2023.09.30"]
[SourceQuality "1"]

1. Nf3 d5 2. e3 Nf6 3. c4 c6 4. Nc3 e6 5. b3 Nbd7 6. Qc2 Bd6 7. Be2 0-0 8. Bb2 e5 9. cxd5 cxd5 10. Nb5 Bb8 11. Rc1 e4 12. Nfd4 a6 13. Nc7 Bxc7 14. Qxc7 Qxc7 15. Rxc7 Ne5 16. 0-0 b5 17. Nxb5 axb5 18. Bxe5 Rxa2 19. Bc3 Be6 20. Bxb5 d4 21. Bxd4 Bxb3 22. Bxf6 gxf6 23. d4 exd3 24. Bxd3 Rd8 25. Bc4 Bxc4 26. Rxc4 Kg7 27. Rg4+ Kh6 28. g3 f5 29. Rf4 Kg6 30. Rb1 Ra5 31. Rb6+ f6 32. Rc4 Rd1+ 33. Kg2 Rd2 34. Rb7 Raa2 35. Rf4 Re2 36. Re7 Rab2 37. Rf3 h5 38. Ra7 Rb4 39. Ra5 1-0

[Event "Gothenburg Manhem"]
[Site "Gothenburg"]
[Date "2023.08.06"]
[Round "3"]
[White "Ustianovich, Nazar"]
[Black "Olsson, William"]
[Result "1-0"]
[WhiteElo "2314"]
[BlackElo "2400"]
[PlyCount "61"]
[EventDate "2023.08.05"]
[EventType "tourn"]
[EventRounds "9"]
[EventCountry "SWE"]
[EventCategory "2"]
[SourceTitle "CBM 215 Extra"]
[Source "ChessBase"]
[SourceDate "2023.09.30"]
[SourceVersion "1"]
[SourceVersionDate "2023.09.30"]
[SourceQuality "1"]

1. e4 c5 2. Nf3 d6 3. d4 cxd4 4. Nxd4 Nf6 5. Nc3 g6 6. Be3 Bg7 7. f3 Nc6 8. Qd2 0-0 9. 0-0-0 d5 10. Nxc6 bxc6 11. exd5 cxd5 12. Bh6 Bxh6 13. Qxh6 e5 14. h4 Bb7 15. h5 Qe7 16. hxg6 fxg6 17. Bd3 Rac8 18. Rde1 a6 19. Qg5 Rfe8 20. Bxg6 hxg6 21. Rh6 Kf7 22. Qxg6+ Ke6 23. g4 Rc4 24. Qf5+ Kd6 25. Rxf6+ Kc5 26. Rf7 Qh4 27. Rxe5 Qh1+ 28. Nd1 Rd4 29. b4+ Kb5 30. Rxb7+ Ka4 31. Kb2 1-0

[Event "EU-ch Blitz"]
[Site "Katowice"]
[Date "2021.12.17"]
[Round "19"]
[White "Bauer, Thomas"]
[Black "Ustianovich, Nazar"]
[Result "1-0"]
[WhiteElo "2214"]
[BlackElo "2344"]
[PlyCount "77"]
[EventDate "2021.12.17"]
[EventType "swiss (blitz)"]
[EventRounds "22"]
[EventCountry "POL"]
[SourceTitle "CBM 205 Extra"]
[Source "ChessBase"]
[SourceDate "2022.01.31"]
[SourceVersion "1"]
[SourceVersionDate "2022.01.31"]
[SourceQuality "1"]

1. e4 c6 2. Nc3 d5 3. Qe2 dxe4 4. Nxe4 Bf5 5. Nf3 Bxe4 6. Qxe4 Nf6 7. Qh4 e6 8. Bc4 Be7 9. 0-0 Nbd7 10. d3 h6 11. Qg3 g5 12. Ne5 Nxe5 13. Qxe5 Qd6 14. Qe2 Nd5 15. a4 Bf6 16. c3 Rd8 17. a5 a6 18. d4 Bg7 19. Bd2 c5 20. dxc5 Qxc5 21. Bb3 0-0 22. Ra4 e5 23. h4 Nf4 24. Bxf4 gxf4 25. Qe4 Qe7 26. h5 Kh8 27. Rb4 Rb8 28. Re1 Qg5 29. Bd1 f5 30. Qc4 e4 31. Qc7 f3 32. Qg3 Qf6 33. Rb6 Qe5 34. Qxe5 Bxe5 35. gxf3 Bf4 36. fxe4 fxe4 37. Rxe4 Rbd8 38. Bg4 Rd7 39. Bxd7 1-0

[Event "EU-ch Blitz"]
[Site "Katowice"]
[Date "2021.12.17"]
[Round "20"]
[White "Ustianovich, Nazar"]
[Black "Bauer, Thomas"]
[Result "1-0"]
[WhiteElo "2344"]
[BlackElo "2214"]
[PlyCount "85"]
[EventDate "2021.12.17"]
[EventType "swiss (blitz)"]
[EventRounds "22"]
[EventCountry "POL"]
[SourceTitle "CBM 205 Extra"]
[Source "ChessBase"]
[SourceDate "2022.01.31"]
[SourceVersion "1"]
[SourceVersionDate "2022.01.31"]
[SourceQuality "1"]

1. c4 e5 2. Nc3 Nc6 3. g3 Bc5 4. Bg2 a6 5. e3 Ba7 6. Nge2 d6 7. 0-0 h5 8. h3 h4 9. g4 f5 10. f3 Nf6 11. Nd5 Nxd5 12. cxd5 Ne7 13. Nc3 Bd7 14. Kh1 Ng6 15. d4 exd4 16. exd4 0-0 17. Qd3 Qf6 18. g5 Qxd4 19. Qc2 Rae8 20. Bd2 Nf4 21. Rad1 Nd3 22. Be1 Nxe1 23. Rfxe1 Qf2 24. Qxf2 Bxf2 25. Rf1 Bg3 26. f4 Re3 27. Rd4 Rfe8 28. Rc4 c5 29. dxc6 bxc6 30. Bxc6 Bxc6+ 31. Rxc6 Re1 32. Rxe1 Rxe1+ 33. Kg2 Bxf4 34. Rxa6 Re3 35. Nd5 Rg3+ 36. Kf2 Be5 37. g6 Rxg6 38. Ne7+ Kh7 39. Nxg6 Kxg6 40. b4 Kf6 41. b5 Bd4+ 42. Kf3 Ke5 43. b6 1-0

[Event "EU-ch Blitz"]
[Site "Katowice"]
[Date "2021.12.17"]
[Round "21"]
[White "Ustianovich, Nazar"]
[Black "Cukrowski, Filip"]
[Result "1/2-1/2"]
[WhiteElo "2344"]
[BlackElo "2367"]
[PlyCount "82"]
[EventDate "2021.12.17"]
[EventType "swiss (blitz)"]
[EventRounds "22"]
[EventCountry "POL"]
[SourceTitle "CBM 205 Extra"]
[Source "ChessBase"]
[SourceDate "2022.01.31"]
[SourceVersion "1"]
[SourceVersionDate "2022.01.31"]
[SourceQuality "1"]

1. d4 Nf6 2. Nf3 e6 3. c4 b6 4. g3 Bb7 5. Bg2 c5 6. 0-0 cxd4 7. Qxd4 Be7 8. Nc3 Nc6 9. Qf4 a6 10. Rd1 Rc8 11. b3 Qc7 12. Qxc7 Rxc7 13. Bf4 Rc8 14. Na4 b5 15. Nb6 Rd8 16. Bc7 Bc5 17. cxb5 axb5 18. a4 b4 19. Bxd8 Kxd8 20. Nc4 Ne4 21. e3 Nc3 22. Nfe5 Nxd1 23. Bxc6 Bxc6 24. Nxc6+ dxc6 25. Rxd1+ Kc7 26. Ne5 f6 27. Nc4 e5 28. f3 h5 29. Kg2 h4 30. e4 g6 31. g4 Bd4 32. h3 f5 33. Rd2 fxe4 34. fxe4 Rf8 35. Re2 g5 36. Nd2 c5 37. Nc4 Rf4 38. Nd2 Rf6 39. Nc4 Rf4 40. Nd2 Rf6 41. Nc4 Rf4 1/2-1/2

[Event "EU-ch Blitz"]
[Site "Katowice"]
[Date "2021.12.17"]
[Round "14"]
[White "Ustianovich, Nazar"]
[Black "Papasimakopoulos, Alexandros"]
[Result "0-1"]
[WhiteElo "2344"]
[BlackElo "2259"]
[PlyCount "118"]
[EventDate "2021.12.17"]
[EventType "swiss (blitz)"]
[EventRounds "22"]
[EventCountry "POL"]
[SourceTitle "CBM 205 Extra"]
[Source "ChessBase"]
[SourceDate "2022.01.31"]
[SourceVersion "1"]
[SourceVersionDate "2022.01.31"]
[SourceQuality "1"]

1. d4 f5 2. Nc3 Nf6 3. Bg5 d5 4. Bxf6 exf6 5. e3 Be6 6. Bd3 Qd7 7. Nge2 Nc6 8. a3 g6 9. Qd2 0-0-0 10. Na4 Ne5 11. Qa5 Nxd3+ 12. cxd3 Kb8 13. Nc5 Qe8 14. Rc1 Bd6 15. Qc3 Bc8 16. 0-0 b6 17. b4 g5 18. Rb1 Bxh2+ 19. Kxh2 Qh5+ 20. Kg1 Qxe2 21. Rfc1 Qh5 22. Ne6 Rd7 23. Nxc7 Qf7 24. Nb5 Ba6 25. a4 Rc8 26. Qb3 Bxb5 27. axb5 Rdc7 28. Rxc7 Rxc7 29. Qb2 Qd7 30. Qe2 Qxb5 31. g3 Qe8 32. Qf3 Qe6 33. Kg2 Kb7 34. Rh1 a6 35. Rh6 Ka7 36. Qh5 Qf7 37. Qf3 Qe6 38. Qh5 a5 39. bxa5 bxa5 40. Qe2 Qa6 41. Rh1 Rc3 42. Ra1 a4 43. Qd2 Rb3 44. Qc2 Kb7 45. Rc1 Ka7 46. Qc5+ Qb6 47. Qxd5 Qb7 48. Qxb7+ Kxb7 49. d5 Rxd3 50. Rc5 a3 51. Ra5 Kb6 52. Ra8 Kb5 53. d6 Kb4 54. Ra6 Kb3 55. Kf3 a2 56. Ke2 Rxd6 57. Ra8 Rb6 58. Kd2 Kb2 59. Kd3 a1Q 0-1

[Event "POL-chT 1st League"]
[Site "Szklarska Poreba"]
[Date "2021.09.12"]
[Round "9.8"]
[White "Ustianovich, Nazar"]
[Black "Tomczak, Mikolaj"]
[Result "0-1"]
[WhiteElo "2348"]
[BlackElo "2435"]
[PlyCount "75"]
[EventDate "2021.09.04"]
[EventType "team-swiss"]
[EventRounds "9"]
[EventCountry "POL"]
[SourceTitle "CBM 204 Extra"]
[Source "ChessBase"]
[SourceDate "2021.11.30"]
[SourceVersion "1"]
[SourceVersionDate "2021.11.30"]
[SourceQuality "1"]
[WhiteTeam "Chrzanow Olimpijczyk"]
[BlackTeam "Strzelce Opolskie Strzelec"]
[WhiteTeamCountry "POL"]
[BlackTeamCountry "POL"]

1. d4 d5 2. Bf4 Nf6 3. e3 e6 4. Nd2 Bd6 5. Bg3 0-0 6. Bd3 c5 7. c3 Qc7 8. Bxd6 Qxd6 9. f4 b6 10. Qe2 a5 11. Ngf3 Ba6 12. 0-0 Bxd3 13. Qxd3 Nbd7 14. Ne5 b5 15. Nxd7 Nxd7 16. e4 c4 17. Qc2 f5 18. exd5 exd5 19. Rae1 g6 20. g3 Rfe8 21. h3 Re7 22. Nf3 Rae8 23. Kf2 Rxe1 24. Rxe1 Rxe1 25. Kxe1 Nf6 26. Nd2 h5 27. Qd1 h4 28. gxh4 Qxf4 29. Qe2 Qxh4+ 30. Kd1 Ne4 31. Qg2 Kg7 32. Nf3 Qf4 33. Ne5 g5 34. Nc6 Qe3 35. Kc2 Nf2 36. Qf1 f4 37. Ne5 b4 38. b3 0-1

[Event "POL-chT 1st League"]
[Site "Szklarska Poreba"]
[Date "2021.09.04"]
[Round "1.2"]
[White "Ustianovich, Nazar"]
[Black "Kosakowski, Jakub"]
[Result "1/2-1/2"]
[WhiteElo "2348"]
[BlackElo "2445"]
[PlyCount "83"]
[EventDate "2021.09.04"]
[EventType "team-swiss"]
[EventRounds "9"]
[EventCountry "POL"]
[SourceTitle "CBM 204 Extra"]
[Source "ChessBase"]
[SourceDate "2021.11.30"]
[SourceVersion "1"]
[SourceVersionDate "2021.11.30"]
[SourceQuality "1"]
[WhiteTeam "Chrzanow Olimpijczyk"]
[BlackTeam "Dabrowa Gornicza Zaglebie"]
[WhiteTeamCountry "POL"]
[BlackTeamCountry "POL"]

1. c4 Nf6 2. Nc3 g6 3. g3 c6 4. Bg2 d5 5. cxd5 cxd5 6. d4 Bg7 7. Nf3 0-0 8. Ne5 Bf5 9. 0-0 Ne4 10. Nxe4 dxe4 11. Qb3 Nc6 12. Nxc6 bxc6 13. e3 c5 14. dxc5 Qa5 15. Qc4 Rac8 16. c6 Rfd8 17. Bxe4 Bh3 18. b4 Bxf1 19. Kxf1 Qh5 20. Rb1 Qxh2 21. Ke2 Be5 22. Bb2 Bxg3 23. Rf1 Bh4 24. Bd5 Bf6 25. Bxf7+ Kg7 26. Bxf6+ exf6 27. Bd5 Qh5+ 28. Bf3 Qe5 29. Rc1 Rc7 30. b5 Qb2+ 31. Rc2 Qb1 32. Rc1 Qb2+ 33. Rc2 Qa3 34. Bd5 Rb8 35. Qf4 Qa5 36. a4 a6 37. Rb2 axb5 38. axb5 Qb6 39. Qd4 Qa5 40. Qf4 Rxb5 41. Qxc7+ Qxc7 42. Rxb5 1/2-1/2

[Event "Warsaw Najdorf Memorial op-A"]
[Site "Warsaw"]
[Date "2021.07.16"]
[Round "7"]
[White "Kokoszczynski, Jan"]
[Black "Ustianovich, Nazar"]
[Result "1/2-1/2"]
[WhiteElo "2219"]
[BlackElo "2358"]
[PlyCount "43"]
[EventDate "2021.07.10"]
[EventType "swiss"]
[EventRounds "9"]
[EventCountry "POL"]
[SourceTitle "CBM 203 Extra"]
[Source "ChessBase"]
[SourceDate "2021.09.30"]
[SourceVersion "1"]
[SourceVersionDate "2021.09.30"]
[SourceQuality "1"]

1. d4 d5 2. c4 c6 3. cxd5 cxd5 4. Bf4 Nc6 5. e3 Nf6 6. Nc3 a6 7. Bd3 Bg4 8. Nge2 e6 9. Rc1 Bd6 10. f3 Bh5 11. Na4 0-0 12. 0-0 Bg6 13. Nc5 Bxf4 14. Nxf4 Qe7 15. Bxg6 hxg6 16. Nfd3 b6 17. Nxa6 Nxd4 18. Nc7 Rac8 19. exd4 Rxc7 20. Qb3 Rb8 21. Rxc7 Qxc7 22. Rc1 1/2-1/2

[Event "Warsaw Najdorf Memorial op-A"]
[Site "Warsaw"]
[Date "2021.07.15"]
[Round "6"]
[White "Ustianovich, Nazar"]
[Black "Musial, Tomasz"]
[Result "1-0"]
[WhiteElo "2358"]
[BlackElo "2121"]
[PlyCount "91"]
[EventDate "2021.07.10"]
[EventType "swiss"]
[EventRounds "9"]
[EventCountry "POL"]
[SourceTitle "EXT 2022"]
[Source "ChessBase"]
[SourceDate "2021.10.06"]
[SourceVersion "1"]
[SourceVersionDate "2021.10.06"]
[SourceQuality "1"]

1. d4 e6 2. c4 Nf6 3. Nf3 b6 4. a3 Bb7 5. Nc3 d5 6. Qa4+ Qd7 7. Qb3 dxc4 8. Qxc4 Bd6 9. Bg5 Ne4 10. Bh4 0-0 11. e3 Nxc3 12. Qxc3 Rc8 13. Be2 c5 14. 0-0 Be7 15. Bxe7 Qxe7 16. Rac1 Nd7 17. Rfd1 Nf6 18. dxc5 Rxc5 19. Qd4 Rd5 20. Qa4 h6 21. Rxd5 Nxd5 22. Nd4 a6 23. Bf3 b5 24. Qa5 Qd8 25. Qxd8+ Rxd8 26. Nc6 Re8 27. Bxd5 exd5 28. Nd4 Kf8 29. Kf1 Rc8 30. Rxc8+ Bxc8 31. Ke2 Ke7 32. Kd3 Kd6 33. Nb3 Kc6 34. Kd4 f6 35. Na5+ Kb6 36. b4 Be6 37. Nb3 Bf7 38. f4 h5 39. g3 Be6 40. Nc5 Bf7 41. f5 a5 42. Ne6 axb4 43. axb4 g6 44. Kxd5 gxf5 45. Kd6 Bg8 46. Ng7 1-0

[Event "Krakow op-A 31st"]
[Site "Krakow"]
[Date "2021.01.04"]
[Round "9"]
[White "Ustianovich, Nazar"]
[Black "Sieciechowicz, Marcin"]
[Result "0-1"]
[WhiteElo "2354"]
[BlackElo "2386"]
[PlyCount "60"]
[EventDate "2020.12.27"]
[EventType "swiss"]
[EventRounds "9"]
[EventCountry "POL"]
[SourceTitle "CBM 200 Extra"]
[Source "ChessBase"]
[SourceDate "2021.03.31"]
[SourceVersion "1"]
[SourceVersionDate "2021.03.31"]
[SourceQuality "1"]

1. d4 Nf6 2. Nf3 g6 3. g3 Bg7 4. Bg2 d5 5. 0-0 0-0 6. c4 dxc4 7. Na3 c3 8. bxc3 c5 9. Ne5 Nc6 10. Nxc6 bxc6 11. Bxc6 Bh3 12. Re1 Nd5 13. Bb2 Rb8 14. Qd2 Nxc3 15. Bxc3 cxd4 16. Bb4 Qb6 17. Bb5 a6 18. Ba5 Qb7 19. f3 axb5 20. Rab1 Qd7 21. Rb4 Rb7 22. Reb1 Rfb8 23. Nc2 Bf5 24. Ne1 Bxb1 25. Rxb1 Ra8 26. Bb4 Rc7 27. Nd3 e5 28. a3 Rac8 29. Rb2 Qh3 30. Bd6 Rc6 0-1

[Event "Krakow op-A 31st"]
[Site "Krakow"]
[Date "2020.12.31"]
[Round "5"]
[White "Jarmula, Lukasz"]
[Black "Ustianovich, Nazar"]
[Result "1/2-1/2"]
[WhiteElo "2464"]
[BlackElo "2354"]
[PlyCount "92"]
[EventDate "2020.12.27"]
[EventType "swiss"]
[EventRounds "9"]
[EventCountry "POL"]
[SourceTitle "CBM 200 Extra"]
[Source "ChessBase"]
[SourceDate "2021.03.31"]
[SourceVersion "1"]
[SourceVersionDate "2021.03.31"]
[SourceQuality "1"]

1. e4 c5 2. Nf3 Nc6 3. Bb5 g6 4. Bxc6 dxc6 5. d3 Bg7 6. h3 e5 7. 0-0 Qe7 8. Nc3 Nf6 9. Be3 Nd7 10. Qd2 Nf8 11. Bh6 f6 12. Bxg7 Qxg7 13. Ne2 Ne6 14. b4 cxb4 15. Qxb4 a5 16. Qb2 0-0 17. Nd2 Qe7 18. a4 Qb4 19. Qc1 Nd4 20. Nxd4 Qxd4 21. Rb1 Rf7 22. Qa3 Be6 23. Nf3 Qa7 24. c3 Rd7 25. d4 exd4 26. cxd4 Bc4 27. Rfe1 Re8 28. e5 f5 29. Qc3 Bd5 30. Nd2 Kg7 31. Rb2 Be6 32. Nb3 Bxb3 33. Rxb3 Qxd4 34. Qxd4 Rxd4 35. Rxb7+ Kh6 36. Ra7 Rxa4 37. Rd1 Rxe5 38. Rdd7 Kg5 39. Rxh7 Re1+ 40. Kh2 Raa1 41. Rae7 Rh1+ 42. Kg3 f4+ 43. Kf3 Ra3+ 44. Ke2 Ra2+ 45. Kf3 Ra3+ 46. Ke2 Ra2+ 1/2-1/2

[Event "POL-chT 2nd League"]
[Site "Poronin"]
[Date "2020.09.13"]
[Round "9.4"]
[White "Fus, Jakub"]
[Black "Ustianovich, Nazar"]
[Result "1/2-1/2"]
[WhiteElo "2410"]
[BlackElo "2367"]
[PlyCount "34"]
[EventDate "2020.09.05"]
[EventType "team-swiss"]
[EventRounds "9"]
[EventCountry "POL"]
[SourceTitle "CBM 198 Extra"]
[Source "ChessBase"]
[SourceDate "2020.11.30"]
[SourceVersion "1"]
[SourceVersionDate "2020.11.30"]
[SourceQuality "1"]
[WhiteTeam "Warszawa Czternastka"]
[BlackTeam "Chrzanow Olimpijczyk"]
[WhiteTeamCountry "POL"]
[BlackTeamCountry "POL"]

1. e4 c5 2. Nf3 g6 3. c4 Bg7 4. d4 cxd4 5. Nxd4 Nc6 6. Be3 Nf6 7. Nc3 0-0 8. Be2 Nxd4 9. Bxd4 d6 10. 0-0 a5 11. Qd2 Bd7 12. b3 Bc6 13. f3 Nd7 14. Bf2 Nc5 15. Rab1 Qb6 16. Rfc1 Qb4 17. Rc2 Qa3 1/2-1/2

[Event "POL-chT 2nd League"]
[Site "Poronin"]
[Date "2020.09.11"]
[Round "7.1"]
[White "Stachowiak, Kamil"]
[Black "Ustianovich, Nazar"]
[Result "1-0"]
[WhiteElo "2461"]
[BlackElo "2367"]
[PlyCount "47"]
[EventDate "2020.09.05"]
[EventType "team-swiss"]
[EventRounds "9"]
[EventCountry "POL"]
[SourceTitle "CBM 198 Extra"]
[Source "ChessBase"]
[SourceDate "2020.11.30"]
[SourceVersion "1"]
[SourceVersionDate "2020.11.30"]
[SourceQuality "1"]
[WhiteTeam "Wroclaw Polonia"]
[BlackTeam "Chrzanow Olimpijczyk"]
[WhiteTeamCountry "POL"]
[BlackTeamCountry "POL"]

1. d4 d5 2. c4 c6 3. Nf3 Nf6 4. Nc3 dxc4 5. a4 Bf5 6. Ne5 e6 7. e3 c5 8. Bxc4 Nc6 9. Bb5 Rc8 10. a5 a6 11. Nxc6 bxc6 12. Bxa6 Rb8 13. 0-0 Qc7 14. Qe2 cxd4 15. exd4 Bd6 16. h3 Bb4 17. Qf3 0-0 18. Bc4 Rfd8 19. a6 Nd5 20. Bxd5 cxd5 21. Bf4 Bd6 22. Nxd5 Qa7 23. Bxd6 Rxd6 24. Ne7+ 1-0

[Event "Raciborz op 20th"]
[Site "Raciborz"]
[Date "2020.01.17"]
[Round "9"]
[White "Grochol, Kamil"]
[Black "Ustianovich, Nazar"]
[Result "1/2-1/2"]
[WhiteElo "1897"]
[BlackElo "2381"]
[PlyCount "32"]
[EventDate "2020.01.11"]
[EventType "swiss"]
[EventRounds "9"]
[EventCountry "POL"]
[SourceTitle "CBM 194 Extra"]
[Source "ChessBase"]
[SourceDate "2020.03.31"]
[SourceVersion "1"]
[SourceVersionDate "2020.03.31"]
[SourceQuality "1"]

1. d4 f5 2. Nc3 Nf6 3. Bg5 d5 4. e3 e6 5. Nf3 Be7 6. Bd3 c5 7. dxc5 Bxc5 8. 0-0 0-0 9. Na4 Bd6 10. c4 dxc4 11. Bxc4 Kh8 12. Bf4 Bxf4 13. exf4 Qc7 14. Qc1 Nc6 15. Re1 Nd5 16. Ne5 Nb8 1/2-1/2

[Event "Raciborz op 20th"]
[Site "Raciborz"]
[Date "2020.01.14"]
[Round "6"]
[White "Ustianovich, Nazar"]
[Black "Orzechowski, Jacek"]
[Result "1/2-1/2"]
[WhiteElo "2381"]
[BlackElo "2152"]
[PlyCount "23"]
[EventDate "2020.01.11"]
[EventType "swiss"]
[EventRounds "9"]
[EventCountry "POL"]
[SourceTitle "CBM 194 Extra"]
[Source "ChessBase"]
[SourceDate "2020.03.31"]
[SourceVersion "1"]
[SourceVersionDate "2020.03.31"]
[SourceQuality "1"]

1. d4 Nf6 2. c4 c5 3. d5 g6 4. Nc3 d6 5. e4 Bg7 6. Nf3 0-0 7. h3 e6 8. Bd3 Na6 9. 0-0 e5 10. Re1 h6 11. a3 Nh7 12. Rb1 1/2-1/2